Hernia; anatomy, etiology, symptoms, diagnosis, differential diagnosis, prognosis, and treatment. (Record no. 38918)

MARC details
000 -LEADER
fixed length control field 00681cam a22002291 4500
001 - CONTROL NUMBER
control field med48000645
003 - CONTROL NUMBER IDENTIFIER
control field DLC
005 - DATE AND TIME OF LATEST TRANSACTION
control field 20260227111610.0
008 - FIXED-LENGTH DATA ELEMENTS--GENERAL INFORMATION
fixed length control field 810815s1948 xx a b 000 0 eng
010 ## - LIBRARY OF CONGRESS CONTROL NUMBER
LC control number med48000645
035 ## - SYSTEM CONTROL NUMBER
System control number (OCoLC)14657284
040 ## - CATALOGING SOURCE
Original cataloging agency DLC
Transcribing agency DNLM
Modifying agency DLC
042 ## - AUTHENTICATION CODE
Authentication code premarc
050 00 - LIBRARY OF CONGRESS CALL NUMBER
Classification number RD621
Item number .W3 1947
060 0# - NATIONAL LIBRARY OF MEDICINE CALL NUMBER
Classification number WI 950
Item number W339h 1948
100 1# - MAIN ENTRY--PERSONAL NAME
Personal name Watson, Leigh Festus,
Dates associated with a name 1884-
245 10 - TITLE STATEMENT
Title Hernia; anatomy, etiology, symptoms, diagnosis, differential diagnosis, prognosis, and treatment.
250 ## - EDITION STATEMENT
Edition statement 3d ed., enl. and thoroughly rev.
260 ## - PUBLICATION, DISTRIBUTION, ETC.
Place of publication, distribution, etc. St. Louis,
Name of publisher, distributor, etc. Mosby,
Date of publication, distribution, etc. 1948.
300 ## - PHYSICAL DESCRIPTION
Extent 732 p.
Other physical details ill.
504 ## - BIBLIOGRAPHY, ETC. NOTE
Bibliography, etc. note Includes bibliographies.

No items available.

Powered by Koha